000 00237nam a22000857a 4500
008 170603b xxu||||| |||| 00| 0 eng d
100 _93243
_aMumford. C
245 _aThe lost giant and bigger, biggest best
260 _aNew Delhi
_bParragon
_c1999
999 _c6557
_d6557